[Event "Pennant-chT"]
[Site "Adelaide"]
[Date "2009.10.13"]
[Round "5.4"]
[White "Shohani, Ammar"]
[Black "Hill, Steven"]
[Result "0-1"]
[WhiteElo "1551"]
[BlackElo "1416"]
[PlyCount "74"]
[EventDate "2009.09.15"]
[EventType "team-tourn"]
[EventRounds "7"]
[EventCountry "AUS"]
[SourceTitle "EXT 2023"]
[Source "ChessBase"]
[SourceDate "2022.10.05"]
[SourceVersion "1"]
[SourceVersionDate "2022.10.05"]
[SourceQuality "1"]

1. e4 c6 2. c4 d5 3. Nc3 dxe4 4. Nxe4 Bf5 5. Nc3 e5 6. d3 Bb4 7. Nf3 e4 8. Qe2 Bxc3+ 9. bxc3 Qxd3 10. Qxd3 exd3 11. Nh4 Be6 12. Bxd3 Nd7 13. 0-0 Ne7 14. Bg5 Nc5 15. Bc2 Bxc4 16. Bxe7 Kxe7 17. Nf5+ Kf6 18. Rfe1 Rad8 19. h4 g6 20. Nd4 Rhe8 21. a4 Rxe1+ 22. Rxe1 Ne6 23. Nxe6 Bxe6 24. Rc1 Rd2 25. g3 Bf5 26. Bd1 Rb2 27. g4 Rb1 28. Rxb1 Bxb1 29. Kg2 Ke5 30. Kg3 h6 31. f4+ Ke4 32. Bb3 f6 33. g5 fxg5 34. hxg5 hxg5 35. fxg5 Kd3 36. Kf4 Kxc3 37. Bf7 Kd4 0-1

[Event "Pennant-chT"]
[Site "Adelaide"]
[Date "2009.09.15"]
[Round "6.4"]
[White "Hill, Steven"]
[Black "Atrens, Edvard"]
[Result "0-1"]
[WhiteElo "1416"]
[BlackElo "1463"]
[PlyCount "58"]
[EventDate "2009.09.15"]
[EventType "team-tourn"]
[EventRounds "7"]
[EventCountry "AUS"]
[SourceTitle "EXT 2023"]
[Source "ChessBase"]
[SourceDate "2022.10.05"]
[SourceVersion "1"]
[SourceVersionDate "2022.10.05"]
[SourceQuality "1"]

1. e4 c5 2. Nf3 d6 3. d4 cxd4 4. Nxd4 Nf6 5. Nc3 e6 6. Bg5 Be7 7. Bd3 Nbd7 8. 0-0 a6 9. f4 Qb6 10. Bc4 e5 11. fxe5 dxe5 12. Be3 exd4 13. Bxd4 Qc7 14. Bb3 0-0 15. Nd5 Nxd5 16. exd5 Bd6 17. Kh1 Ne5 18. Qd2 b5 19. Rae1 Bg4 20. Qf2 Nc4 21. h3 Bg3 22. Qg1 Bh5 23. Re4 Nd2 24. Bxg7 Nxe4 25. Bxf8 Rxf8 26. Qd4 Bg6 27. Rf3 Be5 28. Qe3 Qc5 29. Qxc5 Nxc5 0-1

[Event "Adelaide Interclub-A"]
[Site "Adelaide"]
[Date "2009.06.02"]
[Round "5.4"]
[White "Hill, Steven"]
[Black "Glascott, Brent"]
[Result "1-0"]
[WhiteElo "1376"]
[BlackElo "1215"]
[PlyCount "61"]
[EventDate "2009.05.05"]
[EventType "team-tourn"]
[EventRounds "9"]
[EventCountry "AUS"]
[SourceTitle "EXT 2023"]
[Source "ChessBase"]
[SourceDate "2022.10.05"]
[SourceVersion "1"]
[SourceVersionDate "2022.10.05"]
[SourceQuality "1"]

1. e4 e5 2. Nf3 Nc6 3. d4 exd4 4. Nxd4 Qf6 5. c3 Bc5 6. Be3 Nge7 7. Be2 0-0 8. 0-0 a6 9. Nxc6 Bxe3 10. Nxe7+ Qxe7 11. fxe3 Qxe4 12. Qd4 Qe6 13. Nd2 d6 14. Bf3 Qe8 15. Rae1 Qe7 16. Bd5 c6 17. Bb3 h5 18. e4 h4 19. e5 d5 20. Bc2 Be6 21. Rf4 g5 22. Rf6 Kg7 23. Qd3 Rh8 24. Nf3 Rh5 25. Rf1 Rah8 26. Nd4 h3 27. Nxe6+ Kg8 28. Rg6+ Kh7 29. Rg7+ Kh6 30. Rf6+ Qxf6 31. Rh7+ 1-0

[Event "Adelaide Interclub-A"]
[Site "Adelaide"]
[Date "2008.06.24"]
[Round "9.4"]
[White "Hill, Steven"]
[Black "Turcaj, Pavel"]
[Result "0-1"]
[WhiteElo "1426"]
[BlackElo "1566"]
[PlyCount "78"]
[EventDate "2008.04.29"]
[EventType "tourn"]
[EventRounds "9"]
[EventCountry "AUS"]
[SourceTitle "EXT 2010"]
[Source "ChessBase"]
[SourceDate "2010.11.25"]
[SourceVersion "1"]
[SourceVersionDate "2010.11.25"]
[SourceQuality "1"]

1. e4 c5 2. Nf3 Nc6 3. d4 cxd4 4. Nxd4 g6 5. c3 Bg7 6. Be3 Nf6 7. Nd2 0-0 8. Be2 d5 9. exd5 Nxd5 10. Nxc6 bxc6 11. Bc5 Nf4 12. 0-0 Qd5 13. Ne4 Qxe4 14. Bf3 Qc4 15. Bxe7 Re8 16. Re1 Nd5 17. Re4 Qa6 18. Ra4 Qb7 19. Ba3 Bd7 20. Qd2 Rab8 21. Bxd5 cxd5 22. Rb4 Qc6 23. Rxb8 Rxb8 24. Re1 Be6 25. Qe3 Qb6 26. Bc5 Qxb2 27. Bxa7 Ra8 28. Bd4 Bxd4 29. cxd4 Rxa2 30. h3 Qd2 31. Kf1 Qxe3 32. fxe3 Bf5 33. Rc1 Be4 34. h4 Rxg2 35. Rc6 Rh2 36. Rf6 Rxh4 37. Kf2 Rh2+ 38. Ke1 Kg7 39. Rf1 Rh1 0-1

[Event "Adelaide Interclub-A"]
[Site "Adelaide"]
[Date "2008.06.03"]
[Round "6.4"]
[White "Lozic, Anto"]
[Black "Hill, Steven"]
[Result "1-0"]
[WhiteElo "1407"]
[BlackElo "1426"]
[PlyCount "85"]
[EventDate "2008.04.29"]
[EventType "tourn"]
[EventRounds "9"]
[EventCountry "AUS"]
[SourceTitle "EXT 2010"]
[Source "ChessBase"]
[SourceDate "2010.11.25"]
[SourceVersion "1"]
[SourceVersionDate "2010.11.25"]
[SourceQuality "1"]

1. e4 c6 2. Nf3 d5 3. exd5 cxd5 4. c3 Nf6 5. d4 Nc6 6. Be2 e6 7. Bf4 Nh5 8. Be3 Bd6 9. 0-0 a6 10. a4 Nf4 11. Bxf4 Bxf4 12. g3 Bd6 13. b4 Bd7 14. Re1 0-0 15. Bd3 Ne7 16. Qc2 Ng6 17. Nbd2 Rc8 18. Qb3 Re8 19. a5 e5 20. Bxg6 hxg6 21. Nxe5 Bxe5 22. Rxe5 Rxe5 23. dxe5 Be6 24. Rc1 d4 25. c4 Qg5 26. f4 Qg4 27. Qd3 Rd8 28. Qf3 Qxf3 29. Nxf3 Kf8 30. Kf2 Ke7 31. h4 Bg4 32. Nd2 Ke6 33. b5 axb5 34. cxb5 Kd5 35. Rc7 Ra8 36. Nb3 Rc8 37. Rxc8 Bxc8 38. Nd2 Kc5 39. b6 Be6 40. Ke2 Bf5 41. Kf3 Kb4 42. a6 bxa6 43. b7 1-0

[Event "Adelaide-ch"]
[Site "Adelaide"]
[Date "2005.07.12"]
[Round "1"]
[White "Cowley, Robert"]
[Black "Hill, Steven"]
[Result "1-0"]
[WhiteElo "2104"]
[BlackElo "1475"]
[PlyCount "33"]
[EventDate "2005.07.12"]
[EventType "swiss"]
[EventRounds "7"]
[EventCountry "AUS"]
[SourceTitle "EXT 2010"]
[Source "ChessBase"]
[SourceDate "2010.11.25"]
[SourceVersion "1"]
[SourceVersionDate "2010.11.25"]
[SourceQuality "1"]

1. e4 c6 2. d4 d5 3. exd5 cxd5 4. c4 e6 5. Nc3 dxc4 6. Bxc4 Nf6 7. Nf3 Be7 8. 0-0 0-0 9. Qe2 a6 10. a4 Nc6 11. Rd1 Nb4 12. Ne5 Nfd5 13. Ne4 b6 14. Ra3 Bb7 15. Rg3 Kh8 16. Qh5 Qe8 17. Rh3 1-0

[Event "Adelaide University op"]
[Site "Adelaide"]
[Date "2004.07.11"]
[Round "6"]
[White "Hill, Steven"]
[Black "Kenmure, Jamie"]
[Result "1-0"]
[WhiteElo "1381"]
[BlackElo "446"]
[PlyCount "37"]
[EventDate "2004.07.10"]
[EventType "swiss"]
[EventRounds "7"]
[EventCountry "AUS"]
[SourceTitle "EXT 2006"]
[Source "ChessBase"]
[SourceDate "2005.11.24"]
[SourceVersion "1"]
[SourceVersionDate "2005.11.24"]
[SourceQuality "1"]

1. e4 e6 2. d4 d5 3. exd5 exd5 4. c4 Be6 5. Nf3 Qe7 6. c5 Nf6 7. Bd3 Nc6 8. 0-0 0-0-0 9. Re1 Qd7 10. Bb5 a6 11. Ba4 b5 12. cxb6 cxb6 13. Ne5 Qd6 14. Nxc6 Be7 15. Nxd8 Bxd8 16. Be3 Bc7 17. g3 Bh3 18. Qc1 Nh5 19. Bd1 1-0

[Event "Adelaide University op"]
[Site "Adelaide"]
[Date "2002.07.14"]
[Round "6"]
[White "Ports, Elizabeth"]
[Black "Hill, Steven"]
[Result "1/2-1/2"]
[WhiteElo "1615"]
[BlackElo "1054"]
[PlyCount "73"]
[EventDate "2002.07.13"]
[EventType "swiss"]
[EventRounds "7"]
[EventCountry "AUS"]
[SourceTitle "EXT 2005"]
[Source "ChessBase"]
[SourceDate "2004.11.15"]
[SourceVersion "1"]
[SourceVersionDate "2004.11.15"]
[SourceQuality "1"]

1. d4 Nf6 2. Nf3 d6 3. Bf4 e6 4. e3 Be7 5. h3 c5 6. c3 Qa5 7. Nbd2 b5 8. Bd3 c4 9. Bc2 0-0 10. 0-0 Bb7 11. Re1 Nbd7 12. Bg5 Rac8 13. Qb1 Qd8 14. e4 e5 15. d5 Nh5 16. Bxe7 Qxe7 17. g3 Rce8 18. Nh4 g6 19. Qd1 Bc8 20. Kg2 Ndf6 21. Rh1 Nd7 22. Qe2 Nf4+ 23. gxf4 Qxh4 24. fxe5 Nxe5 25. Nf3 Nxf3 26. Qxf3 Re5 27. Rag1 Qe7 28. Kh2 Kh8 29. Rg3 f5 30. exf5 Bxf5 31. Bxf5 Rfxf5 32. Qg2 Re2 33. Rf1 Qe5 34. Kh1 Re1 35. Kh2 Rxf1 36. Qxf1 Qf4 37. Kg2 1/2-1/2